000
00309nam a22001337a 4500
008
170823b xxu||||| |||| 00| 0 eng d
020
_a
0387976639
041
_a
eng
080
_a
514
100
_a
38
101
_a
MAT
245
_a
MODERN GEOMETRY-METHODS AND APPLICATIONS
_c
DUBROVIN,B.A
942
_2
udc
_c
BK
999
_c
24729
_d
24729